000 00825nam a2200181 i 4500
001 95548
003 ES-MaACL
005 20230906181729.0
007 t|
008 050531s1951 sp ||||1| spa d
100 1 _aLleó Silvestre, Antonio.
_972756
245 1 0 _aConexión de tres políticas :
_bseguridad social y educación primaria /
_cponencia presentada por D. Antonio Lleo Silvestre ... al Primer Congreso Iberoamericano de Seguridad Social, celebrado en Madrid durante los días 23 de mayo al 3 de junio de 1951.
260 _aMadrid :
_bComisión Nacional de Mutualidades y Cotos Escolares de Previsión,
_c1951.
300 _a28 p. ;
_c21 cm.
650 4 _aCotos escolares.
_9163888
711 0 4 _aCongreso Iberoamericano de Seguridad Social (
_n1º.
_d1951.
_cMadrid)
_9395
852 _aES-MaACL
_j1931-F-2
_bR.31783
999 _c95548
_d95548